[Event "Women's Speed Chess Q4"]
[Site "chess.com INT"]
[Date "2020.06.21"]
[Round "9"]
[White "Filippova, Margarita"]
[Black "Sihite, Chelsie Monica Ignesias"]
[Result "1-0"]
[WhiteTitle "WFM"]
[BlackTitle "WIM"]
[WhiteElo "1931"]
[BlackElo "2252"]
[WhiteFideId "34199680"]
[BlackFideId "7101198"]
[EventDate "2020.06.21"]

1. Nf3 Nf6 2. d4 c5 3. d5 d6 4. c4 g6 5. Nc3 Bg7 6. e4 O-O 7. Be2 a6 8. O-O b5
9. cxb5 axb5 10. Bxb5 Ba6 11. Bxa6 Nxa6 12. Nd2 Nb4 13. Nc4 Nd7 14. a3 Na6 15.
Bg5 Re8 16. Nxd6 f6 17. Nxe8 Qxe8 18. Be3 1-0

[Event "Women's Speed Chess Q4"]
[Site "chess.com INT"]
[Date "2020.06.21"]
[Round "9"]
[White "Michelle Catherina, P"]
[Black "Bogumil, Tatiana"]
[Result "0-1"]
[WhiteTitle "WIM"]
[BlackTitle "WGM"]
[WhiteElo "2176"]
[BlackElo "2182"]
[WhiteFideId "5005736"]
[BlackFideId "4110579"]
[EventDate "2020.06.21"]

1. e4 e6 2. d4 d5 3. Nc3 dxe4 4. Nxe4 Bd7 5. Nf3 Bc6 6. Bd3 Nd7 7. Qe2 Ngf6 8.
Bg5 Be7 9. Nxf6+ Bxf6 10. Be3 O-O 11. O-O-O Nb6 12. Ne5 Nd5 13. Qd2 Nxe3 14. Qe2
Nxd1 0-1

[Event "Women's Speed Chess Q4"]
[Site "chess.com INT"]
[Date "2020.06.21"]
[Round "9"]
[White "Koridze, Lile"]
[Black "Ismayil, Malak"]
[Result "0-1"]
[WhiteTitle "WFM"]
[BlackTitle "WCM"]
[WhiteElo "1996"]
[BlackElo "1997"]
[WhiteFideId "13612514"]
[BlackFideId "13412604"]
[EventDate "2020.06.21"]

1. d4 Nf6 2. c4 e6 3. g3 Bb4+ 4. Bd2 Qe7 5. Bg2 Nc6 6. Nf3 O-O 7. O-O Bxd2 8.
Nbxd2 d6 9. e4 e5 10. d5 Nb8 11. b4 a5 12. a3 Na6 13. Qb3 Bg4 14. Rac1 Nd7 15.
Qc3 f5 16. exf5 Bxf5 17. Rfe1 h6 18. c5 Qf7 19. Nc4 Qf6 20. Nxa5 dxc5 21. Nxb7
cxb4 22. axb4 Rab8 23. Nc5 Nxb4 24. Nxd7 Bxd7 25. Rxe5 Bg4 26. Re3 Qxc3 27.
Rexc3 Na2 28. Rxc7 Nxc1 29. Rxc1 Bxf3 30. Bxf3 Rxf3 31. d6 Rd3 0-1

[Event "Women's Speed Chess Q4"]
[Site "chess.com INT"]
[Date "2020.06.21"]
[Round "9"]
[White "Gaponenko, Inna"]
[Black "Belenkaya, Dina"]
[Result "1-0"]
[WhiteTitle "IM"]
[BlackTitle "WGM"]
[WhiteElo "2396"]
[BlackElo "2297"]
[WhiteFideId "14101181"]
[BlackFideId "24142654"]
[EventDate "2020.06.21"]

1. e4 d5 2. exd5 Qxd5 3. Nc3 Qa5 4. d4 Nf6 5. Nf3 c6 6. Bc4 Bf5 7. Bd2 Qb6 8.
Qe2 e6 9. O-O-O Nbd7 10. Ne5 Qxd4 11. Nxd7 Nxd7 12. Be3 Qf6 13. g4 Bg6 14. f4
Bc5 15. f5 Bxe3+ 16. Qxe3 Ne5 17. Ne4 Qe7 18. Nd6+ Qxd6 19. Rxd6 Nxc4 20. Rxe6+
fxe6 21. Qxe6+ Kf8 22. fxg6 1-0

[Event "Women's Speed Chess Q4"]
[Site "chess.com INT"]
[Date "2020.06.21"]
[Round "9"]
[White "Petrova, Irina"]
[Black "Pham, Bich Ngoc"]
[Result "0-1"]
[WhiteTitle "WIM"]
[BlackTitle "WIM"]
[WhiteElo "2087"]
[BlackElo "2235"]
[WhiteFideId "14124122"]
[BlackFideId "12401285"]
[EventDate "2020.06.21"]

1. d4 g6 2. e4 Bg7 3. Nc3 d6 4. Be3 Nc6 5. h3 e5 6. d5 Nce7 7. Nf3 h6 8. Bb5+
Bd7 9. Bxd7+ Qxd7 10. O-O f5 11. exf5 Nxf5 12. Ne4 Nge7 13. c4 O-O 14. Qd2 Nxe3
15. fxe3 Rf7 16. Nh4 Raf8 17. Rxf7 Rxf7 18. Rf1 Rxf1+ 19. Kxf1 g5 20. Nf3 g4 21.
hxg4 Qxg4 22. Nf2 Qxc4+ 23. Kg1 Qxd5 24. Qb4 b6 25. a3 c5 26. Qg4 Qf7 27. Ne4
Qf5 28. Qh4 d5 29. Qxe7 Qxe4 30. Kh2 d4 31. exd4 cxd4 32. Nh4 Qf4+ 33. g3 Qf2+
34. Kh3 Qf1+ 35. Kh2 Qf7 36. Qd8+ Kh7 37. Qd5 Qxd5 0-1

[Event "Women's Speed Chess Q4"]
[Site "chess.com INT"]
[Date "2020.06.21"]
[Round "9"]
[White "Swati, Mohota"]
[Black "Jakubowska, Anna"]
[Result "1-0"]
[WhiteTitle "WFM"]
[BlackTitle "WIM"]
[WhiteElo "2027"]
[BlackElo "2073"]
[WhiteFideId "5006511"]
[BlackFideId "1121952"]
[EventDate "2020.06.21"]

1. d4 f5 2. Nc3 d5 3. Bf4 Nf6 4. e3 g6 5. Bd3 Bg7 6. Qd2 c6 7. Nf3 Ne4 8. Bxe4
fxe4 9. Ne5 Nd7 10. Nxd7 Bxd7 11. f3 exf3 12. gxf3 b5 13. O-O-O Qa5 14. Kb1 b4
15. Ne2 Qb6 16. Nc1 a5 17. Nd3 Bf5 18. Be5 Bxe5 19. Nxe5 a4 20. Rhe1 b3 21. e4
bxa2+ 22. Kxa2 Rb8 23. Qc3 dxe4 24. fxe4 Bd7 25. Nxd7 Kxd7 26. d5 c5 27. e5 Rhf8
28. e6+ Kc7 29. d6+ exd6 30. Qg7+ Kc6 31. Qd7# 1-0

[Event "Women's Speed Chess Q4"]
[Site "chess.com INT"]
[Date "2020.06.21"]
[Round "9"]
[White "Zakirova, Aisha"]
[Black "Zavivaeva, Emilia"]
[Result "1-0"]
[WhiteTitle "WCM"]
[BlackTitle "WCM"]
[WhiteElo "1585"]
[BlackElo "1735"]
[WhiteFideId "13719734"]
[BlackFideId "34127531"]
[EventDate "2020.06.21"]

1. d4 d5 2. c4 e6 3. Nf3 Nf6 4. Nc3 Be7 5. Bg5 b6 6. cxd5 exd5 7. Qc2 Bb7 8. e3
Nbd7 9. Bd3 O-O 10. O-O c5 11. Bf5 h6 12. Bh4 Rc8 13. Ne5 cxd4 14. exd4 Rc7 15.
Nxd7 Nxd7 16. Bg3 Rc6 17. Qe2 Nf6 18. Bc2 Re6 19. Qd3 Ne4 20. f3 Nf6 21. Be5 g6
22. Rfe1 Kh7 23. Ne2 Nd7 24. Nf4 Nxe5 25. Rxe5 Rxe5 26. Nxg6 Re4 27. Nxf8+ Qxf8
28. fxe4 dxe4 29. Qe3 Bg5 30. Bxe4+ Bxe4 31. Qxe4+ Kg8 32. Rf1 Kg7 33. h4 Bd8
34. Qg4+ Kh8 35. Re1 Qd6 36. Re8+ 1-0

[Event "Women's Speed Chess Q4"]
[Site "chess.com INT"]
[Date "2020.06.21"]
[Round "9"]
[White "Shvedova, Alexandra"]
[Black "Alexanian, Nelli"]
[Result "1-0"]
[WhiteTitle "WFM"]
[BlackTitle "WIM"]
[WhiteElo "1994"]
[BlackElo "1986"]
[WhiteFideId "54154782"]
[BlackFideId "4170539"]
[EventDate "2020.06.21"]

1. e4 e6 2. d4 d5 3. Nd2 a5 4. Ngf3 Nf6 5. e5 Nfd7 6. Bd3 c5 7. c3 Nc6 8. O-O
cxd4 9. cxd4 Qb6 10. Re1 Nxd4 11. Nxd4 Qxd4 12. Nf3 Qb6 13. Qa4 Bc5 14. Be3 Qb4
15. Qc2 h6 16. Rac1 Bxe3 17. Rxe3 a4 18. Nd2 g5 19. Be2 Ke7 20. Bh5 a3 21. b3
Ra5 22. Qc7 Qxd2 23. Qd6+ Kd8 24. Rec3 Ra8 25. Bxf7 Qd4 26. Bxe6 Qxe5 27. Rxc8+
Rxc8 28. Qxd7# 1-0

[Event "Women's Speed Chess Q4"]
[Site "chess.com INT"]
[Date "2020.06.21"]
[Round "9"]
[White "Doluhanova, Evgeniya"]
[Black "Batsiashvili, Nino"]
[Result "1-0"]
[WhiteTitle "WGM"]
[BlackTitle "GM"]
[WhiteElo "2229"]
[BlackElo "2457"]
[WhiteFideId "14112035"]
[BlackFideId "13602993"]
[EventDate "2020.06.21"]

1. e4 c6 2. d4 d5 3. exd5 cxd5 4. Bd3 Nc6 5. c3 Qc7 6. Ne2 Bg4 7. Bf4 Bxe2 8.
Bxc7 Bxd1 9. Kxd1 e6 10. Nd2 Kd7 11. Bg3 Bd6 12. Bxd6 Kxd6 13. f4 Nge7 14. g3
Rab8 15. a4 g6 16. Re1 Nf5 17. Nf3 f6 18. Kd2 h5 19. Bxf5 gxf5 20. Nh4 Ne7 21.
Re2 Rbg8 22. Rae1 Ng6 23. Rxe6+ Kd7 24. Nxg6 Rxg6 25. Re7+ Kc8 26. Re8+ Rxe8 27.
Rxe8+ Kc7 28. Rh8 Kb6 29. Rxh5 Ka5 30. b3 b5 31. Rxf5 bxa4 32. Rxd5+ Kb6 33.
bxa4 Rh6 34. Kd3 Rxh2 35. Rf5 Rg2 36. Rxf6+ Ka5 37. Rg6 Kxa4 38. d5 Kb5 39. c4+
Kc5 40. Rc6+ Kb4 41. d6 Rxg3+ 42. Kd4 Rg1 43. Ke5 Rd1 44. Ke6 a5 45. d7 Re1+ 46.
Kf7 Rd1 47. Ke7 a4 48. d8=Q Rxd8 49. Kxd8 a3 50. f5 a2 51. Ra6 Kxc4 52. Rxa2 Kd5 1-0

[Event "Women's Speed Chess Q4"]
[Site "chess.com INT"]
[Date "2020.06.21"]
[Round "9"]
[White "Skuhala, Barbara"]
[Black "Mrudul, Dehankar"]
[Result "0-1"]
[WhiteTitle "WFM"]
[BlackTitle "WIM"]
[WhiteElo "2095"]
[BlackElo "2256"]
[WhiteFideId "14605465"]
[BlackFideId "25096990"]
[EventDate "2020.06.21"]

1. e4 c5 2. Nf3 d6 3. d4 cxd4 4. Nxd4 Nf6 5. Nc3 a6 6. f3 e6 7. Be3 Qc7 8. Qd2
b5 9. O-O-O Nbd7 10. Kb1 Bb7 11. Bxb5 axb5 12. Ndxb5 Qa5 13. Nxd6+ Bxd6 14. Qxd6
Ra6 15. Qd2 O-O 16. a3 Bc6 17. Na2 Qb5 18. Qd3 Ne5 19. Qxb5 Bxb5 20. Nb4 Raa8
21. Bd4 Nc4 22. Bc3 Rfc8 23. Na2 Kf8 24. Bb4+ Ke8 25. Rhe1 Nd7 26. f4 Bc6 27. g3
Nf6 28. e5 Nd5 29. f5 Nce3 30. Rd2 Nxf5 31. c4 Nb6 32. b3 Rd8 33. Red1 Be4+ 34.
Kb2 Nd7 35. Bc3 Nc5 36. Rxd8+ Rxd8 37. Rxd8+ Kxd8 38. Ba5+ Kc8 39. Nc3 Bb7 40.
Kc2 Nd7 41. b4 Nxe5 42. Kb3 Nd4+ 43. Kb2 Nxc4+ 44. Kc1 Nxa5 45. bxa5 Nb3+ 46.
Kc2 Nxa5 47. Kd3 e5 48. Nb5 Kd7 49. g4 Ba6 0-1

[Event "Women's Speed Chess Q4"]
[Site "chess.com INT"]
[Date "2020.06.21"]
[Round "9"]
[White "Linares Napoles, Oleiny"]
[Black "Bodnaruk, Anastasia"]
[Result "0-1"]
[WhiteTitle "WGM"]
[BlackTitle "IM"]
[WhiteElo "2215"]
[BlackElo "2411"]
[WhiteFideId "3504794"]
[BlackFideId "4181751"]
[EventDate "2020.06.21"]

1. c4 e5 2. Nc3 d6 3. g3 Nc6 4. Bg2 g6 5. d3 Bg7 6. e4 Nge7 7. Nge2 O-O 8. O-O
Be6 9. Nd5 h6 10. Be3 Nd4 11. Qd2 Kh7 12. f4 f5 13. Nxe7 Qxe7 14. Bxd4 exd4 15.
exf5 Bxf5 16. Bxb7 Rab8 17. Be4 Bxe4 18. dxe4 Qxe4 19. Rad1 c5 20. b3 h5 21. Nc1
Rbe8 22. Rde1 Qf5 23. Nd3 Re3 24. Nf2 Rfe8 25. Kg2 h4 26. Qc1 d5 27. Qd2 Qe6 28.
Rc1 Re2 29. Qd3 Qe3 30. Rcd1 Qxd3 31. Rxd3 dxc4 32. bxc4 Rxa2 33. Kf3 hxg3 34.
hxg3 Rc2 35. Ra1 Re3+ 36. Rxe3 dxe3 37. Rh1+ Kg8 38. Ng4 Bd4 39. Ne5 Rf2+ 40.
Ke4 e2 41. Nxg6 Rf1 42. Ne7+ Kf7 43. Rh7+ Ke8 44. Kd5 e1=Q 45. Nf5 Rh1 46. Rxa7
Rh5 47. g4 Qh1+ 48. Kd6 Rxf5 49. gxf5 Qh6+ 50. Kd5 Qxf4 51. Ra8+ Kf7 52. Ra7+
Kf6 53. Ra6+ Kxf5 54. Re6 Qf3+ 55. Kd6 Qg3+ 56. Kd5 Qg8 57. Kc6 Qxe6+ 0-1

[Event "Women's Speed Chess Q4"]
[Site "chess.com INT"]
[Date "2020.06.21"]
[Round "9"]
[White "Tarleva, Vira"]
[Black "Gvanceladze, Anna"]
[Result "0-1"]
[WhiteTitle "WFM"]
[BlackTitle "WFM"]
[WhiteElo "2030"]
[BlackElo "2254"]
[WhiteFideId "14116693"]
[BlackFideId "4113721"]
[EventDate "2020.06.21"]

1. e4 c6 2. d4 d5 3. exd5 cxd5 4. Bd3 Nc6 5. c3 Qc7 6. Nf3 Bg4 7. Be3 e6 8. h3
Bh5 9. Nbd2 Bd6 10. O-O Nge7 11. c4 Bf4 12. b3 Rd8 13. c5 Bg6 14. Bxg6 hxg6 15.
Qe2 Nf5 16. Rfd1 g5 17. Nxg5 Nxe3 18. fxe3 Bxg5 19. Nf1 Qe7 20. e4 dxe4 21. Qxe4
Rd5 22. a3 O-O 23. Kh1 Rfd8 24. b4 Rxd4 25. Rxd4 Rxd4 26. Qf3 Qf6 27. Qe2 Rxb4
28. Rd1 Rb2 29. Qd3 Qf2 0-1

[Event "Women's Speed Chess Q4"]
[Site "chess.com INT"]
[Date "2020.06.21"]
[Round "9"]
[White "Gevorgyan, Maria"]
[Black "Matveeva, Olga"]
[Result "1-0"]
[WhiteTitle "WGM"]
[BlackTitle "WIM"]
[WhiteElo "2228"]
[BlackElo "2171"]
[WhiteFideId "13300270"]
[BlackFideId "24107018"]
[EventDate "2020.06.21"]

1. e4 e6 2. d4 d5 3. Bd3 dxe4 4. Bxe4 Nf6 5. Bf3 c6 6. Ne2 Be7 7. c4 O-O 8. Nbc3
Nbd7 9. Be3 Qc7 10. Qd2 b6 11. Ng3 Bb7 12. O-O c5 13. Nb5 Qc8 14. d5 exd5 15.
Nf5 Qd8 16. cxd5 Ne5 17. Rad1 Nxf3+ 18. gxf3 Nxd5 19. Nc3 Nb4 20. Qe2 Qe8 21. a3
Nc6 22. Nd5 Bd8 23. Nd6 Qd7 24. Bf4 Nd4 25. Rxd4 cxd4 26. Qe4 Bc6 27. Qxd4 Qe6
28. Ne3 Bxf3 29. Bg3 Bf6 30. Qf4 Bc6 31. Rc1 Bd7 32. Re1 Qh3 33. Nd5 Bxb2 34.
Ne7+ Kh8 35. Nxf7+ Rxf7 36. Qxf7 Bg4 37. Nd5 Bf6 38. Re8+ 1-0

[Event "Women's Speed Chess Q4"]
[Site "chess.com INT"]
[Date "2020.06.21"]
[Round "9"]
[White "Tomilova, Elena"]
[Black "Mamedjarova, Turkan"]
[Result "1-0"]
[WhiteTitle "WGM"]
[BlackTitle "WGM"]
[WhiteElo "2353"]
[BlackElo "2309"]
[WhiteFideId "4162340"]
[BlackFideId "13402005"]
[EventDate "2020.06.21"]

1. d4 d5 2. c4 e6 3. Nf3 Nf6 4. Nc3 c6 5. Bg5 Be7 6. cxd5 exd5 7. e3 O-O 8. Bd3
Nbd7 9. O-O Re8 10. Qc2 Nf8 11. Rae1 Ne4 12. Bf4 f5 13. Ne5 Bd6 14. f3 Nxc3 15.
bxc3 Qf6 16. e4 g5 17. Bc1 Bxe5 18. dxe5 Rxe5 19. exd5 cxd5 20. Rxe5 Qxe5 21.
Bxg5 Bd7 22. Qd2 Rc8 23. Rc1 Ne6 24. Be3 Bc6 25. Bxa7 Qf6 26. Be3 f4 27. Bf2 Rc7
28. Re1 Rg7 29. Kh1 h5 30. Qe2 Bd7 31. Qe5 Qg5 32. Qxg5 Rxg5 33. Bh4 Rg7 34. Re5
Nc5 35. Rxd5 b6 36. Bc4 Kf8 37. Rd6 b5 38. Bd5 Na4 39. Bf6 Rg6 40. Be7+ Kg7 1-0

[Event "Women's Speed Chess Q4"]
[Site "chess.com INT"]
[Date "2020.06.21"]
[Round "9"]
[White "Golubenko, Valentina"]
[Black "De Seroux, Camille"]
[Result "1/2-1/2"]
[WhiteTitle "WGM"]
[BlackTitle "WIM"]
[WhiteElo "2209"]
[BlackElo "2137"]
[WhiteFideId "4501993"]
[BlackFideId "1305620"]
[EventDate "2020.06.21"]

1. d4 Nf6 2. g3 g6 3. Bg2 Bg7 4. Nf3 O-O 5. O-O d6 6. c4 Nbd7 7. Nc3 e5 8. d5 a5
9. e4 Nc5 10. Re1 Nfd7 11. Be3 f5 12. Ng5 f4 13. Bxc5 Nxc5 14. Nf3 g5 15. Na4 g4
16. Nd2 Nd3 17. Nb3 Nxe1 18. Qxe1 f3 19. Bf1 b6 20. Nc3 Rf6 21. Nb5 Rh6 22. Qe3
Bd7 23. Nd2 Rc8 24. a3 Qf6 25. h3 gxh3 26. Nxf3 Rf8 27. Nh2 Bxb5 28. cxb5 Qg6
29. Rc1 Rf7 30. Be2 Rh4 31. Bf3 Bh6 32. Qc3 Bxc1 33. Qxc1 Rxe4 34. Bxe4 Qxe4 35.
Qg5+ Qg6 36. Qd8+ Kg7 37. Qh4 Qb1+ 38. Nf1 Qxb2 39. Qg5+ Kh8 40. Qd8+ Kg7 41.
Qg5+ Kh8 42. Qd8+ Kg7 43. Qg5+ 1/2-1/2

[Event "Women's Speed Chess Q4"]
[Site "chess.com INT"]
[Date "2020.06.21"]
[Round "9"]
[White "Eswaran, Ashritha"]
[Black "Hoang, Thi Bao Tram"]
[Result "1/2-1/2"]
[WhiteTitle "WIM"]
[BlackTitle "WGM"]
[WhiteElo "2244"]
[BlackElo "2288"]
[WhiteFideId "2080788"]
[BlackFideId "12401102"]
[EventDate "2020.06.21"]

1. e4 d5 2. exd5 Qxd5 3. Nc3 Qd6 4. Nf3 c6 5. d4 Bf5 6. g3 e6 7. Bg2 Nf6 8. O-O
Be7 9. Bf4 Qd8 10. Qd2 O-O 11. Nh4 Bg4 12. h3 Bh5 13. Nf3 Nd5 14. Nxd5 exd5 15.
Rfe1 Nd7 16. Ne5 Nxe5 17. Bxe5 Qd7 18. Kh2 Bg6 19. c3 Rfe8 20. Bf4 Bf8 21. Rxe8
Rxe8 22. Re1 Be4 23. Re3 f6 24. f3 Bg6 25. Qe1 Rxe3 26. Qxe3 Bb1 27. Bb8 Bxa2
28. Bxa7 Bd6 29. f4 Bb1 30. Bc5 Bxc5 31. dxc5 Kf7 32. Qc1 Be4 33. Qe3 Bxg2 34.
Kxg2 Qf5 35. b4 Qc2+ 36. Kg1 h5 37. h4 g6 38. Kf1 Qd1+ 39. Kg2 Qc2+ 40. Kf1 Qh2
41. Ke1 Qg2 42. Qd3 f5 43. Kd1 Qf2 44. Kc1 Ke6 45. Qd4 Qe1+ 46. Kb2 Qe2+ 47. Ka3
Qe1 48. Qg7 Qxg3 49. Qe5+ Kf7 50. Qc7+ Ke6 51. Qc8+ Kf6 52. Qf8+ Ke6 53. Qd6+
Kf7 54. Qd7+ Kf6 55. Qd6+ Kf7 56. Qd7+ Kf6 57. Qd6+ Kf7 1/2-1/2

[Event "Women's Speed Chess Q4"]
[Site "chess.com INT"]
[Date "2020.06.21"]
[Round "9"]
[White "Golubeva, Oksana"]
[Black "Berend, Elvira"]
[Result "1-0"]
[WhiteTitle "WFM"]
[BlackTitle "WGM"]
[WhiteElo "2179"]
[BlackElo "2326"]
[WhiteFideId "4170164"]
[BlackFideId "4000510"]
[EventDate "2020.06.21"]

1. Nf3 Nf6 2. g3 g6 3. b3 Bg7 4. Bb2 O-O 5. Bg2 c5 6. d4 Qa5+ 7. Nbd2 cxd4 8.
Bxd4 Nc6 9. Bb2 d5 10. O-O Bf5 11. c4 Be4 12. Nxe4 dxe4 13. Ne1 Rad8 14. Qc1 Qd2
15. e3 Qe2 16. Bc3 Qh5 17. h3 Ne5 18. Bxe5 Qxe5 19. Nc2 Nd7 20. Nd4 Nc5 21. Qa3
a6 22. b4 Nd3 23. Rad1 f5 24. c5 Kh8 25. Qb3 Rf6 26. Rxd3 exd3 27. Qxd3 Qc7 28.
Qc4 Qc8 29. Nf3 h6 30. Ne5 Kh7 31. f4 Rff8 32. Nf3 Qc7 33. Nd4 Bxd4 34. exd4 Qd7
35. d5 Qa4 36. Re1 Rd7 37. Re6 a5 38. c6 bxc6 39. dxc6 Rc7 40. a3 axb4 41. axb4
Qd1+ 42. Kh2 Rd8 43. b5 Rd4 44. Qc5 Rd2 45. Rxe7+ Rxe7 46. Qxe7+ Kh8 47. Qe5+
Kh7 48. c7 Rxg2+ 49. Kxg2 Qd2+ 50. Kf3 Qd3+ 51. Kf2 Qd2+ 52. Qe2 Qd4+ 53. Qe3
Qb2+ 54. Kf3 1-0

[Event "Women's Speed Chess Q4"]
[Site "chess.com INT"]
[Date "2020.06.21"]
[Round "9"]
[White "Ziegenfuss, Antonia"]
[Black "Kiolbasa, Oliwia"]
[Result "0-1"]
[WhiteTitle "WFM"]
[BlackTitle "WIM"]
[WhiteElo "2101"]
[BlackElo "2160"]
[WhiteFideId "12962554"]
[BlackFideId "1154613"]
[EventDate "2020.06.21"]

1. d4 d5 2. c4 dxc4 3. e3 Nf6 4. Bxc4 a6 5. a4 Nc6 6. Nf3 Bg4 7. O-O e6 8. Nc3
Bd6 9. h3 Bh5 10. Be2 O-O 11. b3 Qe7 12. Bb2 Rad8 13. Nd2 Bxe2 14. Qxe2 Bb4 15.
Nde4 Nxe4 16. Nxe4 e5 17. Rac1 exd4 18. Rxc6 bxc6 19. exd4 Rfe8 20. f3 c5 21. d5
Rxd5 22. Qc4 Rd7 23. Rf2 Qe6 24. Re2 Qxc4 25. bxc4 Re6 26. Kf2 Rd1 27. g4 Kf8
28. f4 Rb1 29. f5 Rxe4 30. Bxg7+ Kxg7 31. Rxe4 h6 32. Re7 Rc1 33. Rxc7 Rxc4 34.
Rc6 a5 35. Kf3 Rc1 36. Ke4 c4 37. Kd4 c3 38. Kd3 Rh1 39. f6+ Kg6 40. Kc2 Rxh3 0-1

[Event "Women's Speed Chess Q4"]
[Site "chess.com INT"]
[Date "2020.06.21"]
[Round "9"]
[White "Smietanska, Wiktoria"]
[Black "Hernandez Bonilla, Amelia"]
[Result "0-1"]
[WhiteTitle "CM"]
[BlackTitle "WFM"]
[WhiteElo "1593"]
[BlackElo "2016"]
[WhiteFideId "21869359"]
[BlackFideId "3900193"]
[EventDate "2020.06.21"]

1. c4 e5 2. Nc3 Nc6 3. Nf3 d6 4. d4 exd4 5. Nxd4 Nf6 6. g3 Be7 7. Bg2 Bd7 8. O-O
O-O 9. e4 Re8 10. Nxc6 Bxc6 11. Nd5 Bxd5 12. exd5 h6 13. b3 Nd7 14. Bb2 Bf6 15.
Qc2 Bxb2 16. Qxb2 Qf6 17. Qxf6 Nxf6 18. Rfe1 Kf8 19. f4 h5 20. h3 g6 21. Kf2 Nd7
22. Be4 Nc5 23. Bc2 a5 24. g4 hxg4 25. hxg4 Kg7 26. a3 Rh8 27. Kg2 Rh4 28. Kg3
Rah8 29. f5 g5 30. Rg1 Rh3+ 31. Kf2 Rc3 32. Bd1 Ne4+ 33. Kf1 Rh2 34. Rg2 Rh1+
35. Rg1 Nd2+ 36. Kf2 Rxg1 37. Kxg1 Nxb3 38. Rb1 a4 39. Kf2 b6 40. Be2 Nd4 41.
Rd1 Nxe2 42. Kxe2 Rxa3 43. Rc1 Rg3 44. Ra1 a3 45. Kd2 a2 46. Kc2 Rxg4 47. Kb3
Rg2 48. Kb4 Rb2+ 49. Ka4 g4 50. Ka3 Rf2 51. Kb4 g3 52. Kb5 g2 53. Kc6 Rf1 54.
Rxf1 gxf1=Q 55. Kxc7 Qxc4+ 0-1

[Event "Women's Speed Chess Q4"]
[Site "chess.com INT"]
[Date "2020.06.21"]
[Round "9"]
[White "Vijayalakshmi, Subbaraman"]
[Black "Daulyte-Cornette, Deimante"]
[Result "1-0"]
[WhiteTitle "IM"]
[BlackTitle "IM"]
[WhiteElo "2332"]
[BlackElo "2400"]
[WhiteFideId "5004098"]
[BlackFideId "12802859"]
[EventDate "2020.06.21"]

1. Nf3 Nf6 2. g3 b6 3. Bg2 Bb7 4. O-O g6 5. d4 Bg7 6. c4 O-O 7. Nbd2 c5 8. d5 b5
9. e4 bxc4 10. Qc2 e6 11. dxe6 fxe6 12. e5 Ng4 13. Nxc4 Nc6 14. Bf4 Nb4 15. Qe2
Nd5 16. Bg5 Qc7 17. h3 Nh6 18. Nd6 Bc6 19. Nd2 Nf7 20. Nxf7 Rxf7 21. Nc4 Rf5 22.
f4 h6 23. Bh4 Bb5 24. Rac1 g5 25. fxg5 Rxe5 26. Qd2 Bxc4 27. Rxc4 Ne3 28. Bxa8
Nxc4 29. Qf4 hxg5 30. Qf7+ Kh7 31. Qh5+ Kg8 32. Bxg5 Qd6 33. Qf7+ Kh8 34. Bf4
Qd4+ 35. Kh1 Re2 36. Qh5+ Kg8 37. Qxe2 1-0

[Event "Women's Speed Chess Q4"]
[Site "chess.com INT"]
[Date "2020.06.21"]
[Round "9"]
[White "Zhukova, Natalia"]
[Black "Kubicka, Anna"]
[Result "0-1"]
[WhiteTitle "GM"]
[BlackTitle "WIM"]
[WhiteElo "2328"]
[BlackElo "2256"]
[WhiteFideId "14101513"]
[BlackFideId "1152254"]
[EventDate "2020.06.21"]

1. c4 e5 2. Nc3 g6 3. Nf3 Bg7 4. d4 Nc6 5. d5 Nce7 6. e4 d6 7. Be2 f5 8. exf5
Bxf5 9. Ng5 h6 10. Ne6 Bxe6 11. dxe6 c6 12. O-O Nf6 13. f4 O-O 14. fxe5 dxe5 15.
Be3 Qc8 16. Bg4 Nxg4 17. Qxg4 Nf5 18. Bc5 Qxe6 19. Bxf8 Rxf8 20. Rae1 Kh7 21. b3
h5 22. Ne4 Qe7 23. Qh3 Bh6 24. Kh1 b5 25. c5 a5 26. Rd1 Rd8 27. Qf3 Rd4 28. Ng3
Nxg3+ 29. Qxg3 Qxc5 30. Rde1 Bf4 31. Qh3 Qd5 32. Qf3 c5 33. g3 Bd2 34. Qxd5 Rxd5
35. Re2 c4 36. bxc4 bxc4 37. Rf7+ Kh6 38. Rc7 c3 39. Kg2 Kg5 40. Kf3 Kf5 41. h3
Rd3+ 42. Kf2 h4 43. gxh4 Rxh3 44. Rc5 Bf4 45. Kg2 Kg4 46. Rf2 Rg3+ 47. Kf1 Kxh4
48. Ke2 g5 49. Rf3 Rxf3 50. Kxf3 g4+ 51. Kg2 Bd2 52. Rc4 e4 0-1

[Event "Women's Speed Chess Q4"]
[Site "chess.com INT"]
[Date "2020.06.21"]
[Round "9"]
[White "Chitlange, Sakshi"]
[Black "Xu, Yuanyuan"]
[Result "0-1"]
[WhiteTitle "WIM"]
[BlackTitle "WGM"]
[WhiteElo "2167"]
[BlackElo "2317"]
[WhiteFideId "35002899"]
[BlackFideId "8601089"]
[EventDate "2020.06.21"]

1. d4 d5 2. c4 c6 3. Nf3 Nf6 4. Qc2 dxc4 5. Qxc4 Bg4 6. Ne5 Be6 7. Qd3 Nbd7 8.
Nxd7 Qxd7 9. e4 g6 10. Nc3 Bg7 11. Be2 O-O 12. O-O Rfd8 13. Rd1 Qc7 14. Bg5 Ng4
15. Bxg4 Bxg4 16. Ne2 Bxd4 17. Nxd4 Bxd1 18. Rxd1 c5 19. Qc2 Qd6 20. Be3 cxd4
21. Rxd4 Qf6 22. Qd3 Rxd4 23. Bxd4 Rd8 24. e5 Qf4 25. g3 Qxd4 26. Qb5 Qd1+ 27.
Kg2 Rd2 28. Qe8+ Kg7 29. Qxe7 Qg4 30. Qf6+ Kg8 31. h4 Qe4+ 32. Qf3 Qxf3+ 33.
Kxf3 Kf8 34. Ke3 Rxb2 35. a4 Rb4 36. a5 Rb5 37. Kd4 Rxa5 38. f4 Ke7 39. g4 Ke6
40. Ke4 Ra4+ 41. Ke3 b5 42. Kd3 Rxf4 43. Kc3 Rxg4 44. h5 gxh5 45. Kb3 Kxe5 46.
Kc3 h4 47. Kd3 h3 48. Ke3 h2 49. Kf3 Rh4 50. Kg3 h1=Q 51. Kf2 Rf4+ 52. Ke3 Qf3+
53. Kd2 Rd4+ 54. Kc2 Qe2+ 55. Kc3 Rc4+ 56. Kb3 Qc2+ 57. Ka3 Ra4# 0-1

[Event "Women's Speed Chess Q4"]
[Site "chess.com INT"]
[Date "2020.06.21"]
[Round "9"]
[White "Meenakshi, Subbaraman"]
[Black "Sowa, Wiktoria"]
[Result "0-1"]
[WhiteTitle "WGM"]
[BlackTitle "WFM"]
[WhiteElo "2171"]
[BlackElo "2093"]
[WhiteFideId "5004381"]
[BlackFideId "21836701"]
[EventDate "2020.06.21"]

1. d4 Nf6 2. Nf3 g6 3. Nbd2 d5 4. g3 Bg7 5. Bg2 O-O 6. O-O Ne4 7. c4 c6 8. Nxe4
dxe4 9. Ne5 f6 10. Bf4 fxe5 11. dxe5 Bf5 12. h4 Nd7 13. Qb3 b6 14. Rfd1 Qc8 15.
c5+ Kh8 16. cxb6 axb6 17. Bg5 Nxe5 18. Bxe7 Re8 19. Bg5 b5 20. Rac1 Qe6 21. Qe3
Nc4 22. Qc5 e3 23. f3 h6 24. Bf4 Rad8 25. g4 Rxd1+ 26. Rxd1 Bxg4 27. fxg4 Qxg4
28. Rf1 Nd2 29. Qxc6 Rc8 30. Qxc8+ Qxc8 31. Rd1 Bd4 32. Bxh6 Qg4 33. Rc1 Qxe2
34. Bg5 Qf2+ 35. Kh1 Nc4 36. Rf1 Qg3 37. Rf8+ Kg7 38. Re8 Qe1+ 39. Kh2 Be5+ 40.
Rxe5 Nxe5 41. Kh3 Qf2 0-1